| 000 | 00623nam a2200193Ia 4500 | ||
|---|---|---|---|
| 008 | 131103s9999 xx 000 0 und d | ||
| 040 | _aLoreto College | ||
| 041 | _aEnglish | ||
| 082 |
_a808.88/BAR _bLCLIB/12659 |
||
| 100 | _aBartlett, John | ||
| 245 |
_aFamiliar quotations _b a collection of passages, phrases and proverbs traced to their sources in ancient and modern literature _cJohn Bartlett |
||
| 250 | _a13th rev. ed. | ||
| 260 |
_aLondon _bMacmillan _c1957 |
||
| 300 |
_axxxiv,1612p. _c 21cm. |
||
| 504 | _aIncludes index | ||
| 650 | _aQuotation - Collections | ||
| 850 | _aLCLIB/808.88/BAR | ||
| 942 | _cBK | ||
| 999 |
_c21121 _d71600 |
||